Снижение подповерхностной коррозии в наземных складских резервуарах; Нефтегазовые технологии; № 3

Detalhes bibliográficos
Parent link:Нефтегазовые технологии: научно-технический журнал/ World Oil ; Pipe Line Industry ; Gulf Publishing Company.— , 1994-.— 0202-4578
№ 3.— 2003.— С. 68-70
Autor principal: Хабиби Ф.
Outros Autores: Имтиас Р. Р. (переводчик), Аль-Мутаири А. Х., Иванова Н.
Idioma:russo
Publicado em: 2003
coleção:Переработка углеводородов
Assuntos:
Formato: MixedMaterials Capítulo de Livro
KOHA link:https://koha.lib.tpu.ru/cgi-bin/koha/opac-detail.pl?biblionumber=386868

MARC

LEADER 00000naa2a2200000 4500
001 386868
005 20231101063526.0
035 |a (RuTPU)RU\TPU\prd\16040 
090 |a 386868 
100 |a 20030708a2003 k y0rusy50 ca 
101 0 |a rus 
102 |a RU 
200 1 |a Снижение подповерхностной коррозии в наземных складских резервуарах  |f Ф. Хабиби, Р. Р. Имтиас, А. Х. Аль-Мутаири  |g Пер. Н. Иванова 
225 1 |a Переработка углеводородов 
461 1 |0 (RuTPU)RU\TPU\prd\1175  |x 0202-4578  |t Нефтегазовые технологии  |o научно-технический журнал  |f World Oil ; Pipe Line Industry ; Gulf Publishing Company  |d 1994- 
463 1 |0 (RuTPU)RU\TPU\prd\15771  |t № 3  |v С. 68-70  |d 2003 
610 1 |a подповерхностная коррозия 
610 1 |a складские резервуары 
610 1 |a оборудование 
610 1 |a арматура 
700 1 |a Хабиби  |b Ф. 
701 1 |a Имтиас  |b Р. Р. 
701 1 |a Аль-Мутаири  |b А. Х. 
702 1 |a Иванова  |b Н.  |4 730 
801 1 |a RU  |b 63413507  |c 20030708  |g PSBO 
801 2 |a RU  |b 63413507  |c 20120113  |g RCR 
942 |c BK